000 00713cam a22002413a 4500
001 3459
003 PGUSA
005 20140828083032.0
008 021001s2002||||xxu|||||s|||||000 | eng d
040 _aPGUSA
_beng
042 _adc
050 4 _aPR
100 1 _aGalsworthy, John,
_d1867-1933
245 1 0 _aQuotations from the Project Gutenberg Editions of the Works of John Galsworthy
_h[electronic resource] /
_cJohn Galsworthy
260 _bProject Gutenberg,
_c2002
506 _aPublic domain in the USA.
516 _aElectronic text
653 _aQuotations
700 1 _aWidger, David,
_d1932-
830 0 _aProject Gutenberg
_v3459
856 4 0 _uhttp://www.gutenberg.org/ebooks/3459
942 _cEB
999 _c232788
_d232788